|
|
|
|
| LEADER |
00000nam0a2200000 4500 |
| 001 |
31833 |
| 005 |
20231030204622.0 |
| 035 |
|
|
|a (RuTPU)RU\TPU\book\32127
|
| 035 |
|
|
|a BOOK00000206
|
| 090 |
|
|
|a 31833
|
| 100 |
|
|
|a 20011210d1965 km y0rusy50 ca
|
| 101 |
0 |
|
|a rus
|
| 102 |
|
|
|a RU
|
| 105 |
|
|
|a y a 000|
|
| 200 |
1 |
|
|a Ученые города Томска в годы Великой Отечественной войны (1941-1945 гг.)
|e библиографический указатель литературы
|f Научн. биб-ка ТГУ
|
| 210 |
|
|
|a Томск
|c [Б. и.]
|d 1965
|
| 215 |
|
|
|a 13 л.
|
| 610 |
1 |
|
|a библиографические указатели
|
| 610 |
1 |
|
|a ТГУ
|
| 610 |
1 |
|
|a ученые
|
| 610 |
1 |
|
|a история
|
| 610 |
1 |
|
|a библиографические пособия
|
| 610 |
1 |
|
|a Томск
|
| 610 |
1 |
|
|a Великая Отечественная война 1941-1945
|
| 610 |
1 |
|
|a 20 век
|
| 686 |
|
|
|a Я19:9
|a Т3(2)722я1
|v LBC/SL-A
|2 rubbk
|
| 712 |
0 |
2 |
|a Томский государственный университет (ТГУ)
|b Научная библиотека
|2 stltpush
|3 (RuTPU)RU\TPU\col\3244
|
| 801 |
|
0 |
|a RU
|b 63413507
|c 20011210
|g PSBO
|
| 801 |
|
2 |
|a RU
|b 63413507
|c 20110705
|g PSBO
|
| 942 |
|
|
|c BK
|